Normal view
MARC view
- Olympics. Library Games. Importance of libraries. Teamwork.
Entry Topical Term
001 - CONTROL NUMBER
- control field: 87261
003 - CONTROL NUMBER IDENTIFIER
- control field: OSt
005 - DATE AND TIME OF LATEST TRANSACTION
- control field: 20260227082331.0
008 - FIXED-LENGTH DATA ELEMENTS
- fixed length control field: 260227|| aca||aabn | a|a d
040 ## - CATALOGING SOURCE
- Original cataloging agency: OSt
- Transcribing agency: OSt
150 ## - HEADING--TOPICAL TERM
- Topical term or geographic name as entry element: Olympics. Library Games. Importance of libraries. Teamwork.
- Form subdivision: Fiction.
- General subdivision: Graphics and Comics
670 ## - SOURCE DATA FOUND
- Source citation: Work cat.: (OSt)50217: Grabenstein, Chris. 80616, Mr. Lemoncello's Library Olympics / , 2025.